header

Integrating study abroad into the curriculum (Record no. 137862)

MARC details
000 -LEADER
fixed length control field 01617nam a2200397 a 4500
082 04 - DEWEY DECIMAL CLASSIFICATION NUMBER
Classification number 370.116/2
245 00 - TITLE STATEMENT
Title Integrating study abroad into the curriculum
250 ## - EDITION STATEMENT
Edition statement 1st ed.
260 ## - PUBLICATION, DISTRIBUTION, ETC. (IMPRINT)
Place of publication Sterling, Va. :
Name of publisher Stylus,
Year of publication 2009.
300 ## - PHYSICAL DESCRIPTION
Number of Pages xxvi, 230 p. :
Other physical details ill.
650 #0 - SUBJECT ADDED ENTRY--TOPICAL TERM
Topical Term Foreign study
Topical Term Foreign study
Topical Term Universities and colleges
700 1# - ADDED ENTRY--PERSONAL NAME
Personal name Brewer, Elizabeth.
Personal name Cunningham, Kiran.
856 40 - ELECTRONIC LOCATION AND ACCESS
Uniform Resource Identifier http://site.ebrary.com/lib/rucke/Doc?id=10545734

No items available.

© 2026 Rongo University
Contact us: librarian | system librarian | Rongo university